Responses for Show #1093 - Wednesday, May 10, 1989

1989 College Championship quarterfinal game 3.

Contestants

[<< previous game]

Monroe Roark, a junior from West Georgia College

Ann Danielson, a sophomore from Amherst College

Kristine Zaleskas, a sophomore from Harvard College

[next game >>]

Jeopardy! Round responses

GEOGRAPHIC WORLD RECORDS
ROCK 'N' ROLL
MOVIE TRIVIA
16th CENTURY SCIENCE
[NOTE: The "th" was in uppercase letters.]
WEATHER
SPELLING
    $100 7
Grand Canyon

Kristine
    $100 6
"The Right Stuff"

Monroe
    $100 1
Rain Man

Monroe
    $100 12
equal

Monroe
    $100 16
Italy

Ann
    $100 13
N-I-C-O-T-I-N-E

Ann
    $200 20
Pacific

Monroe
    $200 8
Samantha Fox

Monroe
    $500 2
Ghostbusters 2

Monroe
    $200 24
coffee

Ann
    $200 18
hail

Ann
    $200 14
(Kristine: What is B-I-C-E-N-N... B-I--)
(Alex: Sorry.)

B-I-C-E-N-T-E-N-N-I-A-L

KristineAnn
    $300 21
Australia

Monroe
    $300 9
Tracy Chapman

Monroe
    $300 3
The Courtship of Eddie's Father

Kristine
    $300 26
tubes

Monroe
    $300 25
(Ann: What is a, um, meteor?)

lightning bolts

Ann
Triple Stumper
    $300 15
S-A-U-E-R-K-R-A-U-T

Kristine
    $400 22
Soviet Union

Ann
    $400 10
New Jersey

Kristine
    $400 4
Helen Slater

Monroe
    $400 27
[The end of the round sound signals.]

rainbow

Ann
    $400 17
C-A-P-I-L-L-A-R-I-E-S

Kristine
    $500 23
(Ann: What is Amsterdam?)
...
(Alex: A minute to go, Ann, you select.)

Rotterdam

Ann
Triple Stumper
    $500 11
the Mechanics

Kristine
    $500 5
Tom Selleck

Kristine
    $500 19
(Kristine: What is H-I-E-L-O-G-L-Y-P-I-C-S?)
(Ann: What is H-Y-R-O-G-L-Y-P-H-I-C-S?)

H-I-E-R-O-G-L-Y-P-H-I-C-S

KristineAnnMonroe

Scores at the first commercial break (after clue 14):

Kristine Ann Monroe
$1,600 $300 $1,700

Scores at the end of the Jeopardy! Round:

Kristine Ann Monroe
$1,800 $300 $3,000

Double Jeopardy! Round responses

GOVERNMENT & POLITICS
LITERARY CHARACTERS
FURNITURE
NEBRASKA
PUBLISHING
FILE UNDER "A"
    $200 1
Spiro Agnew

Kristine
    $200 2
The Great Gatsby

Kristine
    $200 26
trundle bed

Kristine
    $200 21
(Ann: What is Omaha?)

Lincoln

AnnMonroe
    $200 16
editorial

Kristine
    $200 5
Afghanistan

Monroe
    $400 4
(electronic) bugs

Monroe
    $400 3
Ebenezer Scrooge

Ann
    $400 27
desk

Kristine
    $400 22
Wild Bill Hickok

Triple Stumper
    $400 17
All the news that's fit to print

Monroe
    $400 6
Attila

Kristine
    $600 13
filibuster

Kristine
    $600 7
Gulliver

Monroe
    $600 28
(Ann: What is an armchair?)

sofa

Ann
Triple Stumper
    $600 23
mammoth

Monroe
    $600 18
USA Today

Monroe
    $600 8
abacus

Monroe
    $800 14
Gary Hart

Kristine
    $2,000 10
Myles Standish

Kristine
    $800 29
[The end of the round signal sounds.]

dining room

Ann
    $800 24
(Alex: We have a minute left in the round, Monroe.)

homestead

Triple Stumper
    $800 19
People

Monroe
    $800 9
affirmative action

Kristine
    $1000 15
(Ann: Who is the Speaker of the House?)

Chief Justice of the United States

Ann
Triple Stumper
    $1000 11
Quasimodo (Hunchback of Notre Dame)

Kristine
    $1000 25
(Ann: What is wheat?)

corn

AnnMonroe
    $400 20
Reader's Digest

Monroe
    $1000 12
All for one, and one for all

Monroe

Scores at the end of the Double Jeopardy! Round:

Kristine Ann Monroe
$8,600 -$1,300 $9,800

Final Jeopardy! Round responses

THE SPANISH-AMERICAN WAR
(Alex: How much did he wager?)
(Monroe: A staunch conservative.)
KristineWhat is Puerto Rico?
$1,600
MonroeWhat are the U.S. Virgin Islands
$0
Puerto Rico or Guam

Final scores:

Kristine Ann Monroe
$10,200 -$1,300 $9,800
Automatic semifinalist 3rd place: $1,000 if eliminated 2nd place: $1,000 if eliminated

Game dynamics:

Coryat scores:

Kristine Ann Monroe
$7,400 -$1,300 $10,100
18 R
(including 1 DD),
2 W
9 R,
7 W
23 R
(including 2 DDs),
0 W

Combined Coryat: $16,200

[game clues] [game scores] [suggest correction]

Game tape date: 1989-04-08
The J! Archive is created by fans, for fans. Scraping, republication, monetization, and malicious use prohibited; this site may use cookies and collect identifying information. See terms. The Jeopardy! game show and all elements thereof, including but not limited to copyright and trademark thereto, are the property of Jeopardy Productions, Inc. and are protected under law. This website is not affiliated with, sponsored by, or operated by Jeopardy Productions, Inc. Join the discussion at JBoard.tv.